BIBLIOTECA PODER JUDICIAL
Portal Judicial TDF

Curso de teoría general del derecho / (Registro nro. 106)

000 -LEADER
fixed length control field 01488nam a22002177a 4500
003 - CONTROL NUMBER IDENTIFIER
control field OSt
005 - DATE AND TIME OF LATEST TRANSACTION
control field 20181001062124.0
008 - FIXED-LENGTH DATA ELEMENTS--GENERAL INFORMATION
fixed length control field 180314b xxu||||| |||| 00| 0 spa d
020 ## - INTERNATIONAL STANDARD BOOK NUMBER
International Standard Book Number 9501402436
040 ## - CATALOGING SOURCE
Transcribing agency PJ
100 ## - ASIENTO PRINCIPAL - NOMBRE DE PERSONA
9 (RLIN) 122
Personal name Vernengo, Roberto José
245 ## - MENCIÓN DE TÍTULO
Título propiamente dicho Curso de teoría general del derecho /
Mención de responsabilidad, etc Robero José Vernengo.
250 ## - EDITION STATEMENT
Edition statement 2a. ed.
260 ## - PUBLICATION, DISTRIBUTION, ETC. (IMPRINT)
Place of publication, distribution, etc Buenos Aires :
Name of publisher, distributor, etc Depalma,
Date of publication, distribution, etc 1995.
300 ## - DESCRIPCION FISICA
Extent 464 p.;
504 ## - NOTA DE BIBLIOGRAFÍA, ETC.
Bibliography, etc Citas bibliográficas a pie de página.
505 ## - FORMATTED CONTENTS NOTE
Formatted contents note Contenidos:<br/>La ciencia del derecho y lenguaje jurídico -- Algunas estructuras lógicas del pensamiento jurídico -- Valores, normas morales y validez del derecho -- Las técnicas de control social y el derecho -- El concepto de obligación jurídica y las formas de responsabilidad -- Derecho subjetivo y relación jurídica -- El concepto de órgano de derecho y las categorías derivadas -- La personificación del sujeto de derecho -- Los sistemas normativos y la idea del derecho como un orden -- Las fuentes del derecho -- Producción, compatibilización y anulación de normas jurídicas -- La interpretación de las normas y el conocimiento científico del derecho -- Análisis formal de enunciados normativos -- Ámbito de validez normativo y reglas de formación lingüísticas -- El hecho consuetudinario -- Sobre la función social de la ciencia.
650 ## - ASIENTO SECUNDARIO DE MATERIA - TERMINO TEMATICO
Topical term or geographic name as entry element TEORIA GENERAL DEL DERECHO
9 (RLIN) 214
650 ## - ASIENTO SECUNDARIO DE MATERIA - TERMINO TEMATICO
Topical term or geographic name as entry element DERECHO EN GENERAL
9 (RLIN) 209
942 ## - ADDED ENTRY ELEMENTS (KOHA)
Source of classification or shelving scheme
Koha item type Libros
Classification part 340.11
Item part VER
Existencias
Withdrawn status Lost status Source of classification or shelving scheme Damaged status Not for loan Permanent Location Current Location Date acquired Full call number Barcode Date last seen Price effective from Koha item type
          Biblioteca Poder Judicial Sur Biblioteca Poder Judicial Sur 2018-03-14 340.11 VER 3309 2018-03-14 2018-03-14 Libros

12 de Octubre 789 Ushuaia - Tel:  54(02901)441571
Horario de Atención: 8.00 a 17.00 hs. 
bibliotecaush@justierradelfuego.gov.ar
koha@justierradelfuego.gov.ar
Seguinos en nuestras redes @bibliojustdf 

Con tecnología Koha